| 000 | 01555nac a22003131i 4500 | ||
|---|---|---|---|
| 003 | EG-ScBUE | ||
| 005 | 20240121113838.0 | ||
| 008 | 121128s1982 ua f b 000 0 ara d | ||
| 017 | _a1983 / 1585 | ||
| 040 |
_aEG-ScBUE _bara _erda _cEG-ScBUE _dEG-ScBUE |
||
| 043 | _afw----- | ||
| 082 | 0 | 4 |
_a966 _bف ي ج _222 |
| 100 | 1 |
_aفيج، جى. دي، _d1921-2002، _eمؤلف. _931511 |
|
| 240 | 1 | 0 |
_aHistory of West Africa. _lArabic |
| 245 | 1 | 0 |
_aتاريخ غرب إفريقيا / _cفيج جى. دي ؛ ترجمة وتقديم وتعليق دكتور السيد يوسف نصر، قسم التاريخ، كلية الآداب، جامعة أسيوط ؛ راجع الترجمة إلى العربية دكتور بهجت رياض صليب، قسم اللغة الإنجليزية، كلية الآداب، جامعة أسيوط.. |
| 250 | _aالطبعة الأولى. | ||
| 264 | 1 |
_aالقاهرة : _bدار المعارف، _c1982. |
|
| 300 |
_a432 صفحة ؛ _c24 سم |
||
| 336 |
_2rdacontent _aنص _btxt |
||
| 337 |
_aبدون وسيط _2rdamedia _bn |
||
| 338 |
_aمجلد _bnc _2rdacarrier |
||
| 504 | _aيشتمل على إرجاعات ببليوجرافية. | ||
| 546 | _aالنص باللغة العربية وتم ترجمته من اللغة الإنجليزية. | ||
| 651 | 7 |
_aإفريقيا الغربية _xتاريخ. _2BUEsh _931512 |
|
| 655 | _vReading book | ||
| 700 | 1 |
_aنصر، السيد يوسف، _eمترجم، _eمقدم، _eمعلق. _916902 |
|
| 700 | 1 |
_aصليب، بهجت رياض، _eمراجع. _916264 |
|
| 942 |
_cBB _2ddc |
||
| 999 |
_c6718 _d6718 |
||